000 00397 a2200169 4500
001 184447
020 _a85-262-2010-1
040 _cMagnum
100 _aMonteiro, José Maviael
240 1 0 _aA estranha montanha que roncava
_lpor
245 1 0 _aA estranha montanha que roncava
300 _a32
362 0 _a1992
440 1 _aScipione
697 _aLITERATURA INFANTO-JUVENIL
942 _cBK
999 _c184447
_d184447